| 000 | 00746nam a2200241 a 4500 | ||
|---|---|---|---|
| 005 | 20210223124802.0 | ||
| 008 | 021108s1996 mx r 000 0 spa d | ||
| 020 | _a8427119992 | ||
| 035 | _aUPN01000120887 | ||
| 049 | _aCG | ||
| 050 | 4 |
_aRA786 _bK3.28 |
|
| 100 | 1 | _aKaestner, Edith | |
| 245 | 1 | 0 |
_aCómo superar los trastornos del sueño / _cEdith Kaestner, Walburga Schacht-Müller ; tr. José Luis Arriaga. |
| 260 |
_aBilbao, Esp. : _bMensajero, _c1996. |
||
| 300 | _a127 p. | ||
| 440 | 0 |
_aMedicina práctica ; _v30 |
|
| 534 |
_pTraducción de: _tWas kann ich tun bei schlafstörungen? |
||
| 650 | 4 |
_aSUEÑO _914240 |
|
| 650 | 4 |
_aINSOMNIO _915788 |
|
| 700 | 1 |
_aSchacht-Müller, Walburga, _ecoaut. |
|
| 902 | _aMCM/cav | ||
| 905 | _aLibro | ||
| 999 |
_c93207 _d93207 |
||